000 00484nam a2200181Ia 4500
008 230718s9999 xx 000 0 und d
020 _a9788126552566
041 _aeng
082 _a530
_bWAL
100 _aWalker J.
245 _aPrinciples Of Physics
250 _a10th ed.
260 _c2014
_bWiley
300 _a1289
_dRef 432 G (54022)
365 _cRs.
_b829.00
700 _aWalker J.; David H. & Resnick R.
906 _dO:0524408-Aug-2016B:3629-Jul-2016
_cBSH
_b3133.62
999 _c342828
_d342828